| 000 | 00713 a2200217 4500 | ||
|---|---|---|---|
| 010 | _aENG-85480 | ||
| 020 | _c60.00 | ||
| 035 | _aEN-69013 | ||
| 037 | _bD.B.Act / Pub | ||
| 082 | 1 | 4 | _a882 |
| 090 |
_c2795 _d2795 |
||
| 100 | 1 | _aAnna, Aringar | |
| 245 | 1 |
_aThe cuckoo club _cby Aringar Anna compiled and edited by M. S. Venkatachalam and M. Natarajan |
|
| 260 |
_aChennai _c2005 _bTamil Arasi Publications |
||
| 270 |
_a189, T. T. K. Road, Alwarpet _bChennai _e600 018 _k52077009 |
||
| 300 |
_a114 p. _c22 cm (Pbk.) |
||
| 710 | 1 | _aVenkatachalam, M. S. | |
| 710 | 1 | _aNatarajan, M. | |
| 942 |
_adpl _cEN _k158.1 / SHA |
||
| 999 |
_c2742 _d2742 |
||